00303nam a2200133Ia 4500003000400000005001700004008004100021020001700062040002000079100002000099245003300119260000800152260000900160OSt20231116060117.0170524s9999 xx 000 0 und d a978007061680 cIIMT UNIVERSITY aChartrand- Gary 0aIntroduction to Graph Theory bTMH c2010